1187 1954 1539 1282 1362 1291 1966 1339 1201 1015 1741 1527 1770 1330 1191 1849 1137 1792 1447 1594 1082 1222 1609 1009 1408 1708 1482 1377 1520 1498 1876 1090 1149 1689 1956 1405 1168 1085 1188 1587 1121 1746 1529 1856 1831 1760 1701 1719 1732 1446 1690 1725 1479 1635 1907 1263 1517 1632 1132 1095 1841 1669 1705 1391 1795 1124 1688 1343 1661 1834 1201 1595 1106 1765 1714 1202 1715 1096 1259 1857 1323 1539 1831 1178 1862 1058 1109 1781 1881 1455 1405 1148 1528 1541 1732 1842 1379 1067 1263 BCNSPRNW ULIB Ver.6.0+V

เปลี่ยนเป็นภาษาไทย

Change to English
 แสดงรายละเอียดบรรณานุกรม
  กลับหน้าหลัก

Brief Record : Get Marc (ISO 2709) : E-mail record : QR code < ปิดหน้าต่าง
LEADER : 00000nam 2200000uu 4500
001    13399120738
003     ULIB
008    121005s2552||||th 000 0 tha d
020    ^a9786169005452
041 1  ^atha^heng
050 04 ^aBQ4570.N48^bบ371ศ
100 1  ^aวอลเลซ, บี. อลัน
245 10 ^aศาสตร์แห่งภาวนา :^bการหลอมรวมพุทธศาสนากับประสาทวิทยา =^bContemplative science : where Buddhism and neuroscience conberge /^cบี. อลัน วอลเลซ, เขียน ; เพชรรัตน์ พงษ์เจริญสุข, แปล ; พจนา จันทรสันติ, บรรณาธิการ
246 31 ^aContemplative science :^bwhere Buddhism and neuroscience conberge
250    ^aพิมพ์ครั้งที่ 1
260    ^aกรุงเทพฯ :^bสวนเงินมีมา,^c2552
300    ^a301 หน้า :^bภาพประกอบ ;^c21 ซม.
440  0 ^aชุดกระบวนทัศน์ใหม่
650  7 ^aประสาทวิทยา^xแง่ศาสนา^xพุทธศาสนา
650  7 ^aพุทธศาสนา^xแง่จิตวิทยา
650  7 ^aศาสนากับการแพทย์
650  7 ^aภาวนา
700 0  ^aเพชรรัตน์ พงษ์เจริญสุข,^eผู้แปล
700 0  ^aพจนา จันทรสันติ,^eบรรณาธิการ
945    ^p300^l0^i16610
995    ^aวิภา
999 ^a ใช้งานได้ทุกระบบ
รายการนี้ยังไม่มีแท็ก
คุณยังไม่ได้ล็อกอิน คุณสามารถมีกิจกรรมร่วมกับเว็บไซต์ได้ แต่ต้องล็อกอินก่อน ::
  ล็อกอิน

รายการสื่อสารสนเทศ

ลำดับที่ ประเภท เลขเรียก/บาร์โค้ด สถานที่ สถานะ
1. วิทยาศาสตร์การแพทย์ และสุขภาพ
วิทยาศาสตร์การแพทย์ และสุขภาพ
BQ4570.N48 บ371ศ  
  Barcode: 16610
ห้องสมุดวิทยาเขตสวรรค์ประชารักษ์
►หนังสือทั่วไป
บนชั้น

รายการใกล้เคียง
    ผู้แต่ง [วอลเลซ, บี. อลัน]

    หัวเรื่อง [ศาสนากับการแพทย์]
    หัวเรื่อง [ภาวนา]

BibComment


ยังไม่เคยถูกคอมเมนท์

คอมเมนท์ทรัพยากรรายการนี้
  คอมเมนท์: ศาสตร์แห่งภาวนา ..


 Copyright 2026. Bcnsprnw @Library